00911nam a2200229Ia 450000500170000000800410001708200200005811000410007824501020011925000190022130000420024061000700028265000440035265000320039665000530042870000300048126400470051133600270055833700330058533800280061804000350064620220317001240.0160825s1982 ck a g 000 0 spa 04aR 708.074bB15h2 aBanco de la República. Bucaramanga10aHistoria del algodón en SantandercBanco de la República, Biblioteca Pública Gabriel Turbay a1a. edición  a32 páginas bilustraciones c23 cm 2 aBanco de la República (Bucaramanga)vExposiciones vCatálogos142LEMBaAlgodón vExposicionesxCultivo142LEMBaAlgodón vPlegables142LEMB aAlgodónxHistoriazSantander (Colombia)1 aDuque G., Magda Constanza aBucaramangabBanco de la Repúblicac1982 atextobtxt2rdacontent asin mediaciónbn2rdamedia avolumenbnc2rdacarrier aCO-BoRNBPbspaerdacCO-BoRNBP